प्रयोगात्मक और प्रयोजनमूलक हिन्दी / (Record no. 480628)
[ view plain ]
| 000 -LEADER | |
|---|---|
| fixed length control field | 01357nam a2200337 a 4500 |
| 001 - CONTROL NUMBER | |
| control field | vtls001168105 |
| 003 - CONTROL NUMBER IDENTIFIER | |
| control field | NLI |
| 005 - DATE AND TIME OF LATEST TRANSACTION | |
| control field | 20210603154906.0 |
| 008 - FIXED-LENGTH DATA ELEMENTS--GENERAL INFORMATION | |
| fixed length control field | 120327s1991 ii 000 0 hin |
| 020 ## - INTERNATIONAL STANDARD BOOK NUMBER | |
| International Standard Book Number | 8171190782 : |
| Terms of availability | Rs. 35.00 |
| 039 #9 - LEVEL OF BIBLIOGRAPHIC CONTROL AND CODING DETAIL [OBSOLETE] | |
| -- | 201203271817 |
| -- | VLOAD |
| 040 ## - CATALOGING SOURCE | |
| Original cataloging agency | NLI |
| Language of cataloging | hineng |
| Transcribing agency | Datasoft_Hindi |
| Description conventions | AACR2 |
| 041 0# - LANGUAGE CODE | |
| Language code of text/sound track or separate title | hin |
| 044 ## - COUNTRY OF PUBLISHING/PRODUCING ENTITY CODE | |
| MARC country code | ii |
| 082 04 - DEWEY DECIMAL CLASSIFICATION NUMBER | |
| Classification number | 491.435 |
| 100 0# - MAIN ENTRY--PERSONAL NAME | |
| Linkage | 880-01 |
| Personal name | रामप्रकाश, |
| Titles and words associated with a name | डॉ., |
| Dates associated with a name | 1932- |
| 9 (RLIN) | 200762 |
| 245 10 - TITLE STATEMENT | |
| Linkage | 880-02 |
| Title | प्रयोगात्मक और प्रयोजनमूलक हिन्दी / |
| Statement of responsibility, etc. | रामप्रकाश [और] दिनेश गुप्त |
| 260 ## - PUBLICATION, DISTRIBUTION, ETC. | |
| Place of publication, distribution, etc. | नई दिल्ली : |
| Name of publisher, distributor, etc. | राधाकृष्ण प्रकाशन, |
| Date of publication, distribution, etc. | 1991 |
| 300 ## - PHYSICAL DESCRIPTION | |
| Extent | 125 p. ; |
| Dimensions | 18 cm. |
| 650 #0 - SUBJECT ADDED ENTRY--TOPICAL TERM | |
| Topical term or geographic name entry element | Hindi language |
| General subdivision | Study and teaching |
| 9 (RLIN) | 134692 |
| 650 #0 - SUBJECT ADDED ENTRY--TOPICAL TERM | |
| Topical term or geographic name entry element | Hindi language |
| General subdivision | Etymology |
| 9 (RLIN) | 135470 |
| 700 1# - ADDED ENTRY--PERSONAL NAME | |
| Linkage | 880-03 |
| Personal name | गुप्त¸ दिनेश, |
| Titles and other words associated with a name | डॉ., |
| Relationship | सह.लेख |
| 9 (RLIN) | 198488 |
| 880 10 - ALTERNATE GRAPHIC REPRESENTATION | |
| Linkage | 245-02(B |
| a | Prayogātmak aur prayojanmūlak Hindī / |
| c | Rāmprakāś [and] Dineś Gupt |
| 880 0# - ALTERNATE GRAPHIC REPRESENTATION | |
| Linkage | 100-01(B |
| a | Rāmprakāś, |
| c | Dr., |
| d | 1932- |
| 880 1# - ALTERNATE GRAPHIC REPRESENTATION | |
| Linkage | 700-03(B |
| a | Gupt, Dineś |
| c | Dr. |
| 4 | jt.aut |
| 887 ## - NON-MARC INFORMATION FIELD | |
| Content of non-MARC field | |
| 901 ## - LOCAL DATA ELEMENT A, LDA (RLIN) | |
| a | 63171 |
| b | 8.5.92 |
| 902 ## - LOCAL DATA ELEMENT B, LDB (RLIN) | |
| a | H 491.435 R 794 pr |
| 942 ## - ADDED ENTRY ELEMENTS (KOHA) | |
| Source of classification or shelving scheme | Dewey Decimal Classification |
| Koha item type | Books |
| 949 ## - LOCAL PROCESSING INFORMATION (OCLC) | |
| -- | VIRTUAITEM |
| -- | 10000 |
| -- | 100 |
| 6 | HIN000063171HIN |
| Withdrawn status | Lost status | Damaged status | Not for loan | Collection code | Home library | Current library | Shelving location | Date acquired | Total Checkouts | Full call number | Barcode | Date last seen | Price effective from | Koha item type |
|---|---|---|---|---|---|---|---|---|---|---|---|---|---|---|
| Hindi | National Library of India | National Library of India | Hindi - Book - Main Stack Division | H 491.435 R 794 pr | HIN000063171HIN | 03/06/2021 | 03/06/2021 | Books |
